MARC

LEADER 00000nam2a2200000 4500
001 59416
005 20231101211817.0
010 |a 5797502771 
035 |a (RuTPU)RU\TPU\book\62808 
090 |a 59416 
100 |a 20031229d2003 m y0rusy50 ca 
101 0 |a rus 
102 |a RU 
105 |a y jz 000zy 
200 0 |a Т. 2 
210 |d 2003 
215 |a 520 с. 
461 1 |0 (RuTPU)RU\TPU\book\63091  |y 5-7975-0275-5  |t Хрестоматия по Всеобщей истории государства и права  |f Под ред. К. И. Батыра; Е. В. Поликарповой  |v Т. 2  |d 2003- 
606 1 |a Государство и право  |x История  |2 stltpush  |3 (RuTPU)RU\TPU\subj\68127  |9 83645 
610 1 |a право 
610 1 |a государство 
610 1 |a история 
610 1 |a всеобщая история 
610 1 |a Новое время 
610 1 |a Англия 
610 1 |a Конституция 
610 1 |a парламентские реформы 
610 1 |a законодательство 
610 1 |a рабочие союзы 
610 1 |a США 
610 1 |a образование 
610 1 |a декларация независимости 
610 1 |a билль о правах 
610 1 |a Франция 
610 1 |a жирондисты 
610 1 |a якобинцы 
610 1 |a Германия 
610 1 |a Япония 
610 1 |a новейшее время 
610 1 |a уголовное законодательство 
610 1 |a суды 
610 1 |a права человека 
610 1 |a хрестоматии 
610 1 |a учебные пособия 
610 1 |a 17 век 
610 1 |a 18 век 
610 1 |a 19 век 
610 1 |a 20 век 
610 1 |a 21 век 
610 1 |a человек 
686 |a Х2(0)я73  |v LBC/SL-A  |2 rubbk 
801 1 |a RU  |b 63413507  |c 20031229  |g PSBO 
801 2 |a RU  |b 63413507  |c 20230315  |g PSBO 
942 |c BK 
959 |a 118/20040908  |d 1  |e 140,47  |f ЧЗГЛ:1